| 000 | 00592nam a2200193 a 4500 | ||
|---|---|---|---|
| 005 | 20210223124110.0 | ||
| 008 | 010521s1999 mx r 000 0 spa d | ||
| 020 | _a9682322022 | ||
| 035 | _aUPN01000106559 | ||
| 049 | _aCG | ||
| 050 | 4 |
_aPQ7797 B6.35 _bB5.2 |
|
| 100 | 1 | _aBlock de Behar, Lisa | |
| 245 | 1 | 0 |
_aBorges : _bla pasión de una cita sin fin / _cpor Lisa Block de Behar. |
| 260 |
_aMéxico : _bSiglo XXI, _c1999. |
||
| 300 | _a183 p. | ||
| 440 | 0 | _aLingüística y teoría literaria | |
| 600 | 1 | 4 |
_aBORGES, JORGE LUIS, _d1899-1986 - _xCRITICA E INTERPRETACION _95546 |
| 905 | _aLibro | ||
| 999 |
_c80471 _d80471 |
||